000 00615nam a2200193Ia 4500
005 20250508160343.0
008 008 250505s9999 xx 000 0 eng d
037 _aTextual
040 _aFEDL
_beng
_cFEDL
041 _aeng
_2eng
084 _a378.1, SUG
_qFEDL
100 _aSugg Redding S
_9768338
245 0 _aSouthern regional education board: Ten years of regional cooperation in higher education
260 _aLouisiana
_bLouisiana State University Press
_c1960
300 _axv,179p.
700 _a Jones George Hilton
_9768339
942 _cTEXL
_h378.1, SUG
999 _c1363951
_d1363951